Dopisz Rapera do tytułu Piosenki - Statystyki

Ogólne statystyki
  • Ten quiz został rozwiązany 282 razy
  • Średni wynik to 13 z 36
Statystyki odpowiedzi
Nuta Raper % Poprawnych
Gustaw Bedoes
85%
Gombao33 Mata
85%
@ Chillwagon
83%
Sikam szampan MR.Polska
82%
Szubienicapestycydybroń Quebonafide
81%
La vida loca White2115
78%
Czempion Kizo
70%
Młoda krew Z.B.U.K.U
69%
DMT Żabson
67%
Koszmar minionego lata Kartky
66%
Dementor Filipek
64%
Od kąd nauczyłem się przeklinać Chivas
63%
Ninja Guzior
62%
Justin biber Oki
58%
Bajka Szpaku
54%
God's plan Drake
51%
Rakieta Jacuś
51%
Zwykły chłopak Kubańczyk
47%
Będzie lepiej Tymek
47%
Lucid dreams Juice WRLD
44%
Aha Otsochodzi
43%
Papierosy Borixon
42%
Antysmogowa maska w moim carry-on baggage Taco Hemingway
41%
Kush Young Igi
37%
Ghetto flex Kabe
36%
Real Quick- Remix Reto
36%
Chcx chcx Gedz
33%
Save that shit Lil Peep
33%
Za pasem Malik Montana
29%
Pacyfka Kali
28%
Everest Zeamsone
28%
Ridin' round the town w czyims bel air Schafter
27%
Ni**as in paris Jay_Z
23%
Yakuza Szymi Szyms
23%
Fefe 6ix9ine
21%
Wracam do gry Chada
19%
Los angeles Trill Pem
16%
Mini raj Qry
14%
Szczyt Blacha
6%
Power Kanye West
6%
Going bad Meek Mill
6%
Taksówkarz Śliwa
6%
Tak musiało byc Zetha
6%
No sad no bad Killy
5%
P2 Lil Uzi Vert
5%
Ectasy Wac Toja
5%
BlaBlaCar DMN
3%
Kush 3 J2LASTEU
3%
Jeans Beteo
0%
Talia Be Vis
0%
Good guy Eminem
0%
Leave me alone Flipp Dinero
0%
Gucci Cologne K$upreme
0%
Project dreams Marshmello
0%
2X screamin Yungeen Ace
0%
Nie znaleziono quizów pasujących do podanych kryteriów
Rozkład punktacji
Procent ludzi z każdym wynikiem
Percentyl według liczby udzielonych odpowiedzi
Twoja historia wyników
Nie rozwiązałeś tego quizu